000 02097nam0a2200421 4500
001 RU\NLR\bibl\564998
005 20250609163550.0
010 _a5-8343-0090-1
_9150
021 _aRU
_b2004-21934
_91112
035 _aRSL-KNO-002426383
035 _a(NLR Aleph) 000557095
090 _a1508865
_c1508865
100 _a20040420d2004 |||y0rusy50 ca
101 0 _arus
102 _aRU
105 _aa |||||||||
106 _ar
200 1 _aЮнги огненных рейсов о ленд-лизе
_eИз истории флота
_fБорис Максяткин
_gМор. гос. ун-т им. адм. Г.И. Невельского
210 _aВладивосток
_cМор. гос. ун-т
_d2004
215 _a111 с.
_cил.
_d20
225 1 _aСерия "Благодарная память"
_vКн. 4
300 _aПосвящается 60-летию введ. ин-та юнг-воспитанников - участников огненных рейсов и шк. юнг ВМФ на Соловец. островах
300 _aНа обл. : 60 лет высш. мор. образования в России
320 _aБиблиогр.: с. 109 (22 назв.)
606 1 _aЛенд-лиз
_jВоспоминания, записки и т.п.
_91331469
_3RU\NLR\auth\66238911
606 1 _aМорской конвой
_jВоспоминания, записки и т.п.
_yСССР
_z1941 - 1945
_91583430
_3RU\NLR\auth\66695166
606 1 _aМорские конвои
_jВоспоминания, записки и т.п.
_yСССР
_z1941 - 1945
_92373041
_3RU\NLR\auth\661416342
686 _aТ3(0)629-622,013.1
_2rubbk
686 _aЦ35(2)722-7,013
686 _aЦ35(2)722.81,013
686 _aЦ66,6(2)0-541.1,013
700 1 _aМаксяткин
_bБ. Ф.
_f1931-
_gБорис Федорович
_4070
801 0 _aRU
_bRuMoRKP
_c20040420
_gPSBO
801 1 _aRU
_bRuMoRGB
_c20040420
801 2 _aRU
_bNLR
_c20041020
_gPSBO
942 _cBOOK
980 _aNB